Statystyki dla 15 najbardziej dotkniętych krajów Covid-19 - 13 października 2021

Kliknij tutaj aby rozwiązać quiz!

Ogólne statystyki

  • Ten quiz został rozwiązany 20 razy
  • Średni wynik to 12 z 27

Statystyki odpowiedzi

kraj% Poprawnych
Rosja
89%
Stany Zjednoczone
89%
Brazylia
84%
Włochy
84%
Francja
74%
Niemcy
74%
Hiszpania
68%
Indie
68%
Wielka Brytania
63%
Turcja
53%
Meksyk
47%
Argentyna
42%
Belgia
42%
Czechy
42%
Szwecja
42%
Holandia
37%
Kolumbia
37%
Iran
32%
Indonezja
21%
Izrael
16%
Słowenia
16%
Estonia
11%
Litwa
11%
Serbia
11%
Bahrajn
5%
Gruzja
5%
Urugwaj
5%

Rozkład punktacji

Percentyl według liczby udzielonych odpowiedzi

Procent ludzi z każdym wynikiem

Twoja historia wyników

Nie rozwiązałeś tego quizu